000 00842nam a2200241 a 4500
005 20090518134945.0
008 931110s1994 fluaf b 001 0 eng
010 _aENG-93573
020 _a8183242375
_c795.00
020 _a9788183242370
_c795.00
035 _aEN-77106
037 _bDBAD / PUB
040 _adpl
_bEnglish
082 _a321.8
100 _aBiju, M.R.
245 _aDemocratic political process /
_cby M.R. Biju
260 _aNew Delhi
_bMittal Pubications
_c2009
270 _a4594/9, Daryaganj
_bNew Delhi
_e110002
300 _axxvi, 265p.
_c22cm(Hb)
500 _aIncludes index
942 _2ddc
_cEN
_mBIJ
_h321.8
999 _c26523
_d26523